Música sagrada y lenguas modernas / (Registro nro. 189630)

Detalles MARC
000 -LEADER
campo de control de longitud fija 00707nam a2200205 i 4500
001 - NÚMERO DE CONTROL
campo de control 189630
003 - IDENTIFICADOR DE NÚMERO DE CONTROL
campo de control ES-MaACL
005 - FECHA Y HORA DE LA ÚLTIMA TRANSACCIÓN
campo de control 20250823104044.0
008 - DATOS DE LONGITUD FIJA--INFORMACIÓN GENERAL
campo de control de longitud fija 190705s1967 sp |||| | spa d
245 00 - MENCIÓN DEL TÍTULO
Título Música sagrada y lenguas modernas /
Mención de responsabilidad, etc. Gelineau... [et al.] ; traducción y prólogo de Mariano Pérez Gutierrez.
260 ## - PUBLICACIÓN, DISTRIBUCIÓN, ETC.
Lugar de publicación, distribución, etc. Madrid :
Nombre del editor, distribuidor, etc. Stvdivm,
Fecha de publicación, distribución, etc. [1967]
300 ## - DESCRIPCIÓN FÍSICA
Extensión 160 p. ;
Dimensiones 19 cm.
490 1# - MENCIÓN DE SERIE
Mención de serie Colección "Liturgia" ;
Designación de volumen o secuencia 4
650 #7 - PUNTO DE ACCESO ADICIONAL DE MATERIA--TÉRMINO DE MATERIA
Término de materia o nombre geográfico como elemento de entrada Música sagrada
Fuente del encabezamiento o término
9 (RLIN) 143239
700 1# - ENTRADA AGREGADA--NOMBRE PERSONAL
Nombre de persona Gelineau, Joseph,
Fechas asociadas al nombre 1920-2008
9 (RLIN) 56253
700 0# - ENTRADA AGREGADA--NOMBRE PERSONAL
Nombre de persona Pérez Gutiérrez, Mariano.
9 (RLIN) 90928
830 0# - PUNTO DE ACCESO ADICIONAL DE SERIE-TÍTULO UNIFORME
Título uniforme Colección "Liturgia" ;
Designación de volumen o secuencia 4
9 (RLIN) 193350
852 ## - LOCALIZACIÓN
Ubicación ES-MaACL
Número de control de estantería P-623-Ter-3
Existencias
Estatus retirado Estado de pérdida Estado de daño No para préstamo Biblioteca de origen Biblioteca actual Ubicación en estantería Fecha de adquisición Fuente de adquisición Total de préstamos Signatura topográfica completa Código de barras Visto por última vez Precio de reemplazo Tipo de ítem Koha
        Biblioteca del Ateneo de Madrid Biblioteca del Ateneo de Madrid Depósito 2 05/07/2019     P-623-Ter-3 1200996 23/02/2023 23/02/2023 Libro impreso